International earth system expert workshop on ocean stresses and impacts (Record no. 112420)
[ view plain ]
| 000 -LEADER | |
|---|---|
| fixed length control field | 01316cad a22002055a 4500 |
| 001 - CONTROL NUMBER | |
| control field | L153220 |
| 008 - FIXED-LENGTH DATA ELEMENTS--GENERAL INFORMATION | |
| fixed length control field | 110623s2011 xxk f 000 0 eng d |
| 035 ## - SYSTEM CONTROL NUMBER | |
| System control number | (Sirsi) u153220 |
| 041 0# - LANGUAGE CODE | |
| Language code of text/sound track or separate title | eng |
| 100 1# - MAIN ENTRY--PERSONAL NAME | |
| Personal name | Rogers, A. D. |
| 245 00 - TITLE STATEMENT | |
| Title | International earth system expert workshop on ocean stresses and impacts |
| Remainder of title | summary report |
| Medium | [electronic resource] |
| 260 ## - PUBLICATION, DISTRIBUTION, ETC. | |
| Place of publication, distribution, etc. | Oxford |
| Name of publisher, distributor, etc. | IPSO |
| Date of publication, distribution, etc. | 2011 |
| 520 ## - SUMMARY, ETC. | |
| Summary, etc. | Panel of scientists warn that that the oceans are in a worse state than was previously thought arguing that marine life is at high risk of entering a phase of extinction unprecedented in human history. Here, climate change, pollution and over-fishing are acting together in ways that have not previously been recognised and this is already affecting humanity. Recommends an immediate cut in CO2 emissions, urgent actions to restore the structure and function of marine ecosystems and introduction by the UN Security Council and the UN General Assembly of effective governance of the High Seas. |
| 590 ## - LOCAL NOTE (RLIN) | |
| Local note | KA NTK |
| 651 #4 - SUBJECT ADDED ENTRY--GEOGRAPHIC NAME | |
| Geographic name | International |
| 690 ## - LOCAL SUBJECT ADDED ENTRY--TOPICAL TERM (OCLC, RLIN) | |
| Topical term or geographic name as entry element | PROPERTY-RURAL AND NATURAL ASSETS-MARINE RESOURCES-MARINE RESOURCE MANAGEMENT |
| 700 1# - ADDED ENTRY--PERSONAL NAME | |
| Personal name | Laffoley, D. d?A |
| 856 40 - ELECTRONIC LOCATION AND ACCESS | |
| Uniform Resource Identifier | <a href="https://www.stateoftheocean.org/pdfs/1906_IPSO-LONG.pdf">https://www.stateoftheocean.org/pdfs/1906_IPSO-LONG.pdf</a> |
| Public note | View the document free of charge at www.stateoftheocean.org |
| 942 ## - ADDED ENTRY ELEMENTS (KOHA) | |
| Suppress in OPAC | 0 |
| Withdrawn status | Lost status | Source of classification or shelving scheme | Damaged status | Not for loan | Home library | Current library | Shelving location | Date acquired | Total Checkouts | Full call number | Barcode | Date last seen | Copy number | Price effective from | Koha item type |
|---|---|---|---|---|---|---|---|---|---|---|---|---|---|---|---|
| Dewey Decimal Classification | Virtual | Virtual | Online | 23/06/2011 | ONLINE PUBLICATION | 153220-2001 | 06/08/2019 | 1 | 06/08/2019 | Book |